Tiempo de transiciones
Shranjeno v:
| Glavni avtor: | |
|---|---|
| Format: | Knjiga |
| Jezik: | španščina |
| Izdano: |
Madrid
Trotta
2004
|
| Serija: | Colección Estructuras y Procesos. Serie Filosofía
|
| Teme: | |
| Oznake: |
Označite
Brez oznak, prvi označite!
|
MARC
| LEADER | 00000nam a2200000 a 4500 | ||
|---|---|---|---|
| 001 | UCI7456 | ||
| 003 | CL-VaPUC | ||
| 008 | 080703e20040000SP |||||||||||||||||spa|d | ||
| 020 | |a 848164708X | ||
| 082 | 0 | 4 | |a 321.8 |b HAB |2 21 |
| 100 | 0 | |a Habermas, Jürgen |e author |9 334312 | |
| 245 | 1 | 0 | |a Tiempo de transiciones |
| 300 | |a 213 p | ||
| 942 | |c BK | ||
| 945 | |d 20080703 00:00:00 |a jtorresc | ||
| 260 | |a Madrid |b Trotta |c 2004 | ||
| 650 | 7 | |a FILOSOFIA POLITICA |2 CL-VaPUC |9 530705 | |
| 650 | 7 | |a GOBIERNO MUNDIAL |2 CL-VaPUC |9 377495 | |
| 650 | 0 | |a Economía política |9 255814 | |
| 650 | 7 | |a SISTEMAS POLITICOS |2 CL-VaPUC |9 530706 | |
| 650 | 0 | |a Derecho internacional |9 255637 | |
| 583 | |a last modification |c 20080703 00:00:00 |k Rodrigo Vera | ||
| 490 | 0 | |a Colección Estructuras y Procesos. Serie Filosofía | |
| 999 | |c 330735 |d 330733 | ||
| 952 | |0 0 |1 0 |4 0 |6 321_800000000000000_HAB_2004 |7 0 |8 A |9 416482 |a BIBEDU |b BIBEDU |d 2019-11-22 |i 4453956 |o 321.8 HAB 2004 |p 4453956 |r 2019-11-22 |w 2019-11-22 |y BK |k FIL | ||
| 952 | |0 0 |1 0 |4 0 |6 321_800000000000000_HAB_2004 |7 0 |8 A |9 416483 |a BIBEDU |b BIBEDU |d 2019-11-22 |i 4459040 |o 321.8 HAB 2004 |p 4459040 |r 2019-11-22 |w 2019-11-22 |y BK |k PSI | ||